000 01317nam a2200373 i 4500
001 000043600
003 DO-SdBNP
005 20241126133746.0
007 ta
008 140327s2014 dr 001 0 spa d
020 _a9789945891416
040 _aDO-SdBNP
_bspa
_cBNPHU
_erda
041 _hspa
082 4 _a972.93054
_bS998d 2014
_222
100 1 _aSzulc, Tad
_eautor
_4aut.
_957453
240 1 0 _aDominicana diary
_lspa
245 1 0 _aDiario de la Guerra de Abril de 1965 /
_cTad Szulc.
250 _aSegunda edición
264 4 _aSanto Domingo :
_bAcademia Dominicana de la Historia,
_c2014.
300 _a409 páginas ;
_c23 cm.
336 _atexto
_btxt
_2rdacontent
337 _asin mediación
_bn
_2rdamedia
338 _avolumen
_bnc
_2rdacarrier
490 0 _aAcademia Dominicana de la Historia
_v113
500 _aIncluye datos biográficos del autor en la solapa de la cubierta
500 _aIncluye índice
504 _aBibliografía : páginas 389-394
590 _aInventariado, 2019/MFF
651 4 _aRepública Dominicana --
_xHistoria --
_y1961-
_96572
651 4 _aEstados Unidos
_xRelaciones Exteriores
_zRepública Dominicana
_96309
651 4 _aRepública Dominicana
_xRelaciones Exteriores
_zEstados Unidos
_96308
910 _aValidado. Control de calidad MFF
942 _2ddc
_cLBS1
999 _c43089
_d43089